| 000 -LEADER |
| fixed length control field |
01514 a2200349 4500 |
| 003 - CONTROL NUMBER IDENTIFIER |
| control field |
Nust |
| 005 - DATE AND TIME OF LATEST TRANSACTION |
| control field |
20220726134944.0 |
| 010 ## - LIBRARY OF CONGRESS CONTROL NUMBER |
| LC control number |
2006021780 |
| 020 ## - INTERNATIONAL STANDARD BOOK NUMBER |
| International Standard Book Number |
0-13-154727-5 (alk. paper) |
| 020 ## - INTERNATIONAL STANDARD BOOK NUMBER |
| International Standard Book Number |
978-0-13-154727-8 (alk. paper) |
| 024 3# - OTHER STANDARD IDENTIFIER |
| Standard number or code |
9780131547278 |
| 035 ## - SYSTEM CONTROL NUMBER |
| System control number |
(OCoLC)70265532 |
| 035 ## - SYSTEM CONTROL NUMBER |
| System control number |
(OCoLC)ocm70265532 |
| 040 ## - CATALOGING SOURCE |
| Transcribing agency |
Nust |
| 082 00 - DEWEY DECIMAL CLASSIFICATION NUMBER |
| Classification number |
005.8,VOL |
| 100 1# - MAIN ENTRY--PERSONAL NAME |
| Personal name |
Volonino, Linda. |
| 9 (RLIN) |
95225 |
| 245 10 - TITLE STATEMENT |
| Title |
Computer forensics : |
| Remainder of title |
principles and practices / |
| Statement of responsibility, etc. |
Linda Volonino, Reynaldo Anzaldua, Jana Godwin ; contributing author, Gary C. Kessler. |
| 250 ## - EDITION STATEMENT |
| Edition statement |
1st ed. |
| 260 ## - PUBLICATION, DISTRIBUTION, ETC. |
| Place of publication, distribution, etc. |
Upper Saddle River, N.J. : |
| Name of publisher, distributor, etc. |
Pearson/Prentice Hall, |
| Date of publication, distribution, etc. |
c2007. |
| 300 ## - PHYSICAL DESCRIPTION |
| Extent |
xviii, 534 s. |
| Other physical details |
ill. |
| Dimensions |
24 cm. |
| 490 1# - SERIES STATEMENT |
| Series statement |
Security series |
| 505 0# - FORMATTED CONTENTS NOTE |
| Formatted contents note |
Part One: Admissibility of Electronic Evidence (Page-1), Part Two: Preparing for E-Evidence Collection and Preservation (Page-79), Part Three: Forensic Examination of Computers and Digital and Electronic Medial (Page-193), Part Four: Decting Intrusions, Malware and Fraud (Page-317), Part Five: Legal, Ethical and Testimony Topics (Page-405). |
| 650 #0 - SUBJECT ADDED ENTRY--TOPICAL TERM |
| Topical term or geographic name entry element |
Computer crimes. |
| 9 (RLIN) |
18532 |
| 650 #0 - SUBJECT ADDED ENTRY--TOPICAL TERM |
| Topical term or geographic name entry element |
Computer security |
| 9 (RLIN) |
570 |
| 650 #0 - SUBJECT ADDED ENTRY--TOPICAL TERM |
| Topical term or geographic name entry element |
Computer security. |
| 9 (RLIN) |
570 |
| 650 #0 - SUBJECT ADDED ENTRY--TOPICAL TERM |
| Topical term or geographic name entry element |
IT-s�kerhet |
| 9 (RLIN) |
95226 |
| 700 1# - ADDED ENTRY--PERSONAL NAME |
| Personal name |
Anzaldua, Reynaldo. |
| 9 (RLIN) |
95227 |
| 700 1# - ADDED ENTRY--PERSONAL NAME |
| Personal name |
Godwin, Jana. |
| 9 (RLIN) |
95228 |
| 830 #0 - SERIES ADDED ENTRY--UNIFORM TITLE |
| Uniform title |
Security series (Upper Saddle River, N.J.) |
| 9 (RLIN) |
95229 |
| 856 41 - ELECTRONIC LOCATION AND ACCESS |
| Materials specified |
Table of contents only |
| Uniform Resource Identifier |
<a href="http://www.loc.gov/catdir/toc/ecip0616/2006021780.html">http://www.loc.gov/catdir/toc/ecip0616/2006021780.html</a> |
| 942 ## - ADDED ENTRY ELEMENTS (KOHA) |
| Source of classification or shelving scheme |
|
| Koha item type |
Book |